| 000 | 00482nam a2200157Ia 4500 | ||
|---|---|---|---|
| 008 | 240729s9999 xx 000 0 und d | ||
| 022 | _a2520-7164 | ||
| 245 | 0 | _aInternational Journal of Distance Education and E-Learning | |
| 260 | _aPakistan | ||
| 260 | _bInternational Islamic University Islamabad | ||
| 650 | _a Theory and practice of education | ||
| 650 | _aEducation | ||
| 856 | _uhttps://doaj.org/toc/dd2d838651be429489daa1f86bd25de3 | ||
| 942 | _2ddc | ||
| 942 | _cDOAJEJ | ||
| 999 |
_c70823 _d70823 |
||
| 945 |
_a1 _bMadushi Gamage _c1 _dMadushi Gamage |
||